00475nam a2200169Ia 4500008004100000100001800041245008300059260001100142300002000153440002500173521000700198650002300205650001900228650001500247650001900262650002400281140626s9999 xx 000 0 und d aGanesh, Shiv. aDialogue, activism, and democratic social change /c Shiv ... [et al.].Ganesh cc2012. a22 : 1, page 66 aCommunication Theory aMC aActivist dialogue. aCommunication. aDemocracy. aMass protests. aPolitical upheaval.